Score 0/25 Timer 05:00
7 Plays Today
Hint Answer % Correct
Smurfs
90.3%
Teenage Mutant Ninja Turtles
86.4%
That '70s Show
81.2%
Teletubbies
70%
Taxi
69.7%
Will & Grace
65.8%
Stranger Things
60.7%
Charlie's Angels
58.2%
Sons of Anarchy
57.1%
American Horror Story: Freak Show
51.7%
Psych
48.7%
The Mentalist
46.8%
Unbreakable Kimmy Schmidt
42.5%
Hint Answer % Correct
Howdy Doody
41.1%
Gotham
41.1%
Archer
36%
Firefly
32.6%
13 Reasons Why
21.8%
Wacky Races
21.5%
Avatar: The Last Airbender
20%
Punky Brewster
18%
Ugly Betty
13.6%
Penny Dreadful
10.2%
Crazy Ex-Girlfriend
9.8%
Jessica Jones
4.2%
Remove Ads.
Support Sporcle.
Get the best of Sporcle when you Go Orange. This ad-free experience offers more features, more stats, and more fun while also helping to support Sporcle. Thank you for becoming a member.

You're not logged in!

Compare scores with friends on all Sporcle quizzes.
OR
Log In

Show Comments

Extras

Top Quizzes Today


Score Distribution

Your Account Isn't Verified!

In order to create a playlist on Sporcle, you need to verify the email address you used during registration. Go to your Sporcle Settings to finish the process.

Report this User

Report this user for behavior that violates our Community Guidelines.

Details: